| 000 | 00760nam a2200241 a 4500 | ||
|---|---|---|---|
| 001 | BRCA_8333 | ||
| 005 | 20190320210232.0 | ||
| 008 | 020714s1920----gw-a###f##---#001-0#ger-# | ||
| 041 | _ager | ||
| 044 | _agw | ||
| 050 | 4 |
_aNA1995 _b.B75 1920 |
|
| 100 | 1 |
_aBrinckmann, Albert Erich _d1881-1958 _920842 |
|
| 245 | 1 | 0 |
_aStadbaukunst _bgeschichtliche Querschnitte und neuzeitliche Ziele _cvon A. E. Brinckmann. |
| 260 |
_aAlemania _bAkademische Verlagsgesellschaft Athenaion _c1920 |
||
| 300 |
_a138 p. _bil., 2 láminas _c29 cm. |
||
| 440 | 0 |
_aHandbuch der Kunstwissenschaft _920843 |
|
| 500 | _aR45 | ||
| 650 | 1 | 4 |
_aDiseño urbano _920844 |
| 650 | 1 | 4 |
_aArquitectura moderna _914272 |
| 650 | 1 | 4 |
_aArquitectura _vHistoria _920845 |
| 902 | _aGFM | ||
| 942 |
_2lcc _cB |
||
| 999 |
_c8001 _d8001 |
||